000 00491nam a2200193Ia 4500
005 20250326144848.0
008 250326s9999 xx 000 0 und d
037 _aTextbook
040 _aFMSL
_beng
_cFMSL
041 _aeng
_2eng
084 _aX:74(z) P5
_qFMSL
100 _aKuchhal M C
245 0 _aBusiness law
_cKuchhal M C
250 _a4
260 _aNew Delhi
_bNew Delhi, Vikas
_c2005
300 _a471p
942 _cTB
_hX:74(z) P5
999 _c1305356
_d1305356